Konverzia zahŕňa pôsobenie viacerých faktorov ako kvalita krmív, systém riadenia výživy, produkcie a zdravia zvierat

Bibliographic Details
Main Author: Huba, Ján (Author, Interviewer)
Other Authors: Dukes, Marián (Interviewer)
Format: Article
Language:Slovak
PhysicalDescription:Fotogr.
ISSN:1335-1990
Subjects:

MARC

LEADER 00000nab a2200000 a 4500
001 vtls009481898
003 SK-MaSNL
005 20260304164929.0
008 250507c2009 xo |||||||||||000 b|slo
015 |a SNBRB2009/03  |2 snkbucl 
035 |a urn:nbn:sk:snk-ab89qr 
035 |a (urnnbn)urn:nbn:sk:snk:ar-006ukp 
035 |a (uuid)aedfdca6-c9a0-47e3-bb76-5e7fab9e29a9 
038 |a SNKBUCL 
040 |a SNKBUCL  |b slo  |c SNKBUCL  |e AACR2 
041 0 |a slo 
044 |a xo  |c SK 
080 |a 636.084.4  |2 1997 
080 |a 636.2.084.4  |2 1997 
080 |a 636.4.084.4  |2 1997 
100 1 |a Huba, Ján  |4 ivr  |4 aut  |9 12201 
245 1 0 |a Konverzia zahŕňa pôsobenie viacerých faktorov ako kvalita krmív, systém riadenia výživy, produkcie a zdravia zvierat  |c Ján Huba, Marián Dukes, Vladimír Vajda 
300 |b Fotogr. 
650 0 7 |a hospodárske zvieratá  |2 snkbucl  |9 1097 
650 0 7 |a krmivá  |2 snkbucl  |9 2812 
650 0 7 |a konverzia krmív  |2 snkbucl  |9 1475928 
650 0 7 |a kŕmenie hospodárskych zvierat  |2 snkbucl  |9 2810 
650 0 7 |a mliečny dobytok  |2 snkbucl  |9 67365 
650 0 7 |a ošípané  |2 snkbucl  |9 2795 
700 1 |a Dukes, Marián  |4 ivr  |9 267535 
700 1 |a Vajda, Vladimír,  |d 1948-  |4 ive 
773 0 |t Slovenský chov  |g Roč. XIV, č. 2 (2009), s. 22-23  |x 1335-1990 
850 |a Slovenská národná knižnica 
852 |a Slovenská národná knižnica 
954 |a odborná, vedecká literatúra pôvodná (slovenská)  |2 lita 
958 |a article9 
958 |a OND 
958 |a EUIPO 
999 |c 2982102  |d 2984032